| 000 -ლიდერი |
| ფიქსირებული სიგრძის საკონტროლო ველი |
01206nam a22002297a 4500 |
| 003 - საკონტროლო ნომრის იდენტიფიკატორი |
| საკონტროლო ველი |
Ge_BSU |
| 005 - ბოლო ოპერაციის თარიღი და დრო |
| საკონტროლო ველი |
20250513144600.0 |
| 008 - ფიქსირებული სიგრძის მონაცემთა ელემენტები - ზოგადი ინფორმაცია |
| ფიქსირებული სიგრძის საკონტროლო ველი |
250513s2023 ge ||||| |||| 00| 0 geo d |
| 020 ## - წიგნის საერთაშორისო სტანდარტული ნომერი |
| International Standard Book Number |
9789941482700 |
| 041 ## - ენის კოდი |
| Language code of text/sound track or separate title |
geo |
| 080 ## - უნივერსალური ათობითი კლასიფიკაციის ინდექსი |
| Universal Decimal Classification number |
61:54(075.8) ა-81 |
| 100 ## - მთავარი ჩანაწერი - პიროვნების სახელი |
| Personal name |
არზიანი, ბადრი |
| 9 (RLIN) |
10177 |
| 245 ## - ცნობა სათაურის შესახებ |
| Title |
სამედიცინო ქიმია : |
| Remainder of title |
სახელმძღვანელო თბილისის სახელმწ. სამედიცინო უნ-ტის სტუდენტთათვის / |
| Statement of responsibility, etc |
ბადრი არზიანი ; რედაქტორი ი. ჩიკვაიძე. |
| 250 ## - გამოცემის ცნობა |
| Edition statement |
მეოთხე გამოცემა |
| 264 ## - წარმოების, გამოცემის, დისტრიბუციის და სხვა ცნობები |
| გამოცემის, წარმოების, დისტრიბუციის... ადგილი |
თბილისი : |
| გამოცემის, წარმოების, დისტრიბუციის... სახელწოდება |
ინტელექტი, |
| გამოცემის, წარმოების, დისტრიბუციის... თარიღი |
2023. |
| 300 ## - ფიზიკური აღწერა |
| Extent |
288 გვ. : |
| Other physical details |
ცხრ., სურ. ; |
| Dimensions |
28 სმ. |
| 500 ## - ზოგადი შენიშვნა |
| General note |
საგნობრივი საძიებელი: გვ. 280-287. |
| 504 ## - BIBLIOGRAPHY, ETC. NOTE |
| Bibliography, etc |
ბიბლიოგრაფია: გვ. 279. |
| 653 ## - INDEX TERM--UNCONTROLLED |
| Uncontrolled term |
სამედიცინო ქიმია |
| 700 ## - ADDED ENTRY--PERSONAL NAME |
| Personal name |
ჩიკვაიძე, ი. |
| Relator term |
რედაქტორი |
| 9 (RLIN) |
25036 |
| 942 ## - ADDED ENTRY ELEMENTS (KOHA) |
| Source of classification or shelving scheme |
|
| Koha item type |
წიგნი |